[Event "World School-ch U15 Girls"]
[Site "Sochi"]
[Date "2016.12.10"]
[Round "8"]
[White "Kondakova, Yulia"]
[Black "Citak, Tuana Umay"]
[Result "1-0"]
[WhiteElo "1810"]
[BlackElo "1469"]
[PlyCount "99"]
[EventDate "2016.12.03"]
[EventType "swiss"]
[EventRounds "9"]
[EventCountry "RUS"]
[SourceTitle "EXT 2018"]
[Source "ChessBase"]
[SourceDate "2017.10.13"]
[SourceVersion "1"]
[SourceVersionDate "2017.10.13"]
[SourceQuality "1"]

1. d4 Nf6 2. c4 g6 3. Nf3 Bg7 4. Nc3 d6 5. e4 0-0 6. Be2 Bg4 7. 0-0 Nfd7 8. Be3 c5 9. Rc1 Nc6 10. d5 Bxf3 11. Bxf3 Nd4 12. Be2 a6 13. Qd2 Rb8 14. Bh6 b5 15. Bxg7 Kxg7 16. f4 b4 17. Nd1 e6 18. Ne3 Re8 19. Bd3 exd5 20. exd5 a5 21. f5 Ra8 22. Ng4 Rh8 23. Qh6+ Kg8 24. fxg6 hxg6 25. Qf4 f5 26. Qxd6 Kg7 27. Ne5 Nxe5 28. Qxe5+ Kg8 29. Rce1 Rh7 30. Re3 Rg7 31. Rfe1 Kf8 32. d6 Rc8 33. Rh3 Qd7 34. Rh8+ Rg8 35. Qf6+ Qf7 36. Qxf7+ Kxf7 37. Re7+ Kf6 38. Rhh7 Rgf8 39. h4 Rcd8 40. d7 Nc6 41. Reg7 Ne5 42. Be2 Rg8 43. Re7 Rgf8 44. Bf3 f4 45. Bd5 a4 46. Re6+ Kf5 47. Rhe7 Nf7 48. Be4+ Kg4 49. Rxg6+ Kh5 50. Rf6 1-0